000 00564nam a2200181Ia 4500
008 170419s9999 xx 000 0 und d
100 _aKhan, Sarfraz A.
245 _aPublic re-release of going-concern opinions and market reaction
245 _cSarfraz A. Khan, Gerald Lobo & Emeka T. Nwaeze.
260 _bRoutledge: Taylor & Francis Group
260 _c2017
300 _aApril
440 _aAccounting and Business Research
_v14:3
650 _aGOING-CONCERN OPINION
650 _aMARKET-REACTION
650 _aNEW-MEDIA
650 _aPRESS RELEASE
999 _c329466
_d329466